Normal view
MARC view
- yadav,KC.etal.
Entry Personal Name
001 - CONTROL NUMBER
- control field: 6412
003 - CONTROL NUMBER IDENTIFIER
- control field: OSt
005 - DATE AND TIME OF LATEST TRANSACTION
- control field: 20180217134027.0
008 - FIXED-LENGTH DATA ELEMENTS
- fixed length control field: 180217|| aca||aabn | a|a d
040 ## - CATALOGING SOURCE
- Original cataloging agency: OSt
- Transcribing agency: OSt
100 ## - HEADING--PERSONAL NAME
- Personal name: yadav,KC.etal.
670 ## - SOURCE DATA FOUND
- Source citation: Work cat.: (OSt): yadav,KC.etal., Drill excercises in Mathematics-IV, 2013